Saxony-Anhalt Top 30 Cities by population - Statistics

General Stats
  • This quiz has been taken 47 times
  • The average score is 12 of 30
Answer Stats
Population City % Correct
229,153 Halle
100%
228,144 Magdeburg
100%
86,030 Dessau-Roßlau
83%
40,959 Stendal
72%
47,390 Wittenberg
69%
25,915 Quedlinburg
59%
33,964 Wernigerode
59%
33,228 Naumburg
55%
35,016 Bernburg
48%
40,708 Halberstadt
48%
28,540 Aschersleben
41%
33,880 Merseburg
41%
27,565 Köthen
38%
40,194 Weißenfels
38%
43,301 Bitterfeld-Wolfen
34%
23,153 Burg
34%
24,627 Eisleben
31%
32,592 Schönebeck
31%
20,588 Oschersleben
28%
28,878 Sangerhausen
28%
22,608 Zerbst
28%
21,118 Blankenburg
24%
24,693 Salzwedel
24%
28,054 Staßfurt
24%
30,445 Zeitz
24%
19,477 Haldensleben
17%
23,568 Gardelegen
14%
15,274 Landsberg
14%
18,133 Hohe Börde
10%
18,482 Thale
10%
No matching quizzes found
Score Distribution
Percent of People with Each Score
Percentile by Number Answered
Your Score History
You have not taken this quiz